Nursing administration : (Record no. 60399)

MARC details
000 -LEADER
fixed length control field 00595nam a22001817a 4500
005 - DATE AND TIME OF LATEST TRANSACTION
control field 20260427064852.0
008 - FIXED-LENGTH DATA ELEMENTS--GENERAL INFORMATION
fixed length control field 260427b |||||||| |||| 00| 0 eng d
020 ## - INTERNATIONAL STANDARD BOOK NUMBER
International Standard Book Number 9781558106437
050 ## - LIBRARY OF CONGRESS CALL NUMBER
Classification number RT89
Item number .N73 2009
245 ## - TITLE STATEMENT
Title Nursing administration :
Remainder of title scope and standards of practice /
260 ## - PUBLICATION, DISTRIBUTION, ETC. (IMPRINT)
Place of publication, distribution, etc Silver Spring, Md. :
Name of publisher, distributor, etc American Nurses Association,
Date of publication, distribution, etc 2009.
300 ## - PHYSICAL DESCRIPTION
Extent x, 95 p. ;
Dimensions 23 cm.
500 ## - GENERAL NOTE
General note Includes bibliographical references and index.
650 ## - SUBJECT ADDED ENTRY--TOPICAL TERM
Topical term or geographic name as entry element Nurse administrators.
650 ## - SUBJECT ADDED ENTRY--TOPICAL TERM
Topical term or geographic name as entry element Nursing services
700 ## - ADDED ENTRY--PERSONAL NAME
Personal name American Nurses Association.
942 ## - ADDED ENTRY ELEMENTS (KOHA)
Source of classification or shelving scheme Library of Congress Classification
Item type Book
Holdings
Withdrawn status Lost status Source of classification or shelving scheme Damaged status Not for loan Collection code Home library Current library Shelving location Date acquired Source of acquisition Cost, normal purchase price Total Checkouts Full call number Barcode Date last seen Price effective from Koha item type
    Library of Congress Classification   Not For Loan Non-fiction Bishop Okullu Memorial Library (Limuru Campus) Bishop Okullu Memorial Library (Limuru Campus) Processing Center 27/04/2026 Donations-Pittsburg 1170.00   RT89 .N73 2009 073374 27/04/2026 27/04/2026 Book